| 000 | 01008nam a2200301 a 4500 | ||
|---|---|---|---|
| 001 | 2474084 | ||
| 003 | SISC | ||
| 005 | 20160322093914.0 | ||
| 008 | 900213s1990 nhua b 000 0 eng | ||
| 010 | _a 90117341 | ||
| 020 | _a0435085174 | ||
| 020 | _a0921217412 (Canada) | ||
| 040 |
_aDLC _cDLC |
||
| 050 | 0 | 0 |
_aLB 1573.33 _b.P37 1990 |
| 082 | 0 | 0 |
_aHS 372.414 _bP37 1989 |
| 100 | 1 |
_aParsons, Les _d1943- _912395 |
|
| 245 | 1 | 0 |
_aResponse journals / _cLes Parsons. |
| 260 |
_aOntario : _bPembroke, _cc1990. |
||
| 300 |
_a90 p. : _bill. ; _c23 cm. |
||
| 500 | _aIncludes bibliographical references. | ||
| 650 | 0 |
_aLanguage arts (Elementary) _9283 |
|
| 650 | 0 |
_aReading (Elementary) _xLanguage experience approach. _912396 |
|
| 650 | 0 |
_aWritten communication _xStudy and teaching (Elementary) _912397 |
|
| 906 |
_a7 _bcbc _corignew _d2 _encip _f19 _gy-gencatlg |
||
| 942 |
_2lcc _cBK |
||
| 999 |
_c9092 _d9092 |
||